Sereď - Šintava. Kaštieľ a prezentácia archeologických nálezov

Saved in:
Bibliographic Details
Main Author: Tóbiová, Bianka (Author)
Other Authors: Botek, Andrej (Thesis advisor)
Format: Manuscript Book
Language:Slovak
Published: Bratislava 2016
Subjects:
Online Access:http://is.stuba.sk/zp/portal_zp.pl?podrobnosti=121586
Tags: Add Tag
No Tags, Be the first to tag this record!

MARC

LEADER 00000ntm a22000003a 4500
001 stuzp57344
003 SK-STU
005 20210224112347.0
007 ta
008 150427s2015----xo-----f-mn---000-0-slo-d
040 |a STU  |b slo 
041 0 |a slo 
100 1 |a Tóbiová, Bianka  |u 053130  |4 aut  |U FAD Fakulta architektúry  |T FA Ústav dejín a teórie architektúry a obnovy pamiatok  |X 43824  |U A3130  |Y 394  |7 A000043824 
242 0 1 |a Sereď - Šintava. Manor-house presentation of the archeological findings  |y eng 
245 1 0 |a Sereď - Šintava. Kaštieľ a prezentácia archeologických nálezov 
260 |c 2016  |a Bratislava 
650 4 |a kaštieľ  |2 slo 
650 4 |a vodný hrad  |2 slo 
650 4 |a pamiatková obnova  |2 slo 
650 4 |a restoration  |2 eng 
650 4 |a water castle  |2 eng 
650 4 |a manor house  |2 eng 
700 1 |a Botek, Andrej  |u 053130  |k Z2  |4 ths  |U FAD Fakulta architektúry  |T FA Ústav dejín a teórie architektúry a obnovy pamiatok  |X 351  |U A3130  |Y 394  |7 A000000351 
856 4 |u http://is.stuba.sk/zp/portal_zp.pl?podrobnosti=121586  |u https://opac.crzp.sk/?fn=detailBiblioForm&sid=FFEED6484134604A3C74A9B88729 
SQL |a stuzp57344  |b DDP  |c SLO  |d Sereď - Šintava. Kaštieľ a prezentácia archeologických nálezov  |e 43824  |f Tóbiová, Bianka  |g 053130  |h 351  |i Botek, Andrej  |j 20160602  |k 153  |l 05  |m http://is.stuba.sk/zp/portal_zp.pl?podrobnosti=121586  |n I-ARCH  |o 5.1.1. architektúra a urbanizmus